Buffy Character Quiz! - Statistics

General Stats
  • This quiz has been taken 871 times
  • The average score is 13 of 15
Answer Stats
Hint Answer % Correct
Best Friend Willow
100%
Vampire with a Soul Angel
99%
The Chosen One Buffy
99%
The Watcher Giles
98%
Werewolf Oz
97%
Everyone's Buttmonkey Xander
97%
The Key Dawn
96%
Lesbian Witch Tara
96%
Vengenace Demon Anya
95%
Military boy from Iowa Riley
94%
Mom Joyce
93%
The Big Bad Spike
84%
The Bitch Cordelia
81%
Technopagan Jenny
60%
The Cool Principal Robin
35%
No matching quizzes found
Score Distribution
Percent of People with Each Score
Percentile by Number Answered
Your Score History
You have not taken this quiz